[Event "ESP-ch U18"]
[Site "Salobrena"]
[Date "2022.08.04"]
[Round "6"]
[White "Revaliente Montoya, Ciro"]
[Black "Del Rio Perezagua, Mario"]
[Result "1-0"]
[WhiteElo "2163"]
[BlackElo "1840"]
[PlyCount "95"]
[EventDate "2022.08.01"]
[EventType "swiss"]
[EventRounds "9"]
[EventCountry "ESP"]
[SourceTitle "EXT 2023"]
[Source "ChessBase"]
[SourceDate "2022.10.05"]
[SourceVersion "1"]
[SourceVersionDate "2022.10.05"]
[SourceQuality "1"]

1. e4 c5 2. Nc3 a6 3. g4 b5 4. Bg2 Bb7 5. d3 e6 6. Nh3 Ne7 7. 0-0 d5 8. e5 Nbc6 9. f4 h5 10. gxh5 Nf5 11. Ng5 Be7 12. Bh3 Ncd4 13. Ne2 Nxe2+ 14. Qxe2 Nh6 15. Qg2 Qb6 16. Qf2 d4 17. Bg2 Bxg2 18. Qxg2 Rc8 19. Bd2 Qc6 20. Ne4 Nf5 21. Qg4 Kd7 22. c3 g6 23. cxd4 gxh5 24. Qd1 Nxd4 25. Rc1 Qd5 26. b3 h4 27. Be3 Nf5 28. Qf3 Rcg8+ 29. Kh1 Rc8 30. Bxc5 Rhg8 31. Bxe7 Kxe7 32. Qf2 Rgd8 33. Rfd1 Rxc1 34. Rxc1 Rd7 35. Qe1 Qd4 36. Qa5 Ra7 37. Rc7+ Rxc7 38. Qxc7+ Qd7 39. Qc5+ Kd8 40. Nd6 Nxd6 41. Qxd6 Qxd6 42. exd6 h3 43. Kg1 Kd7 44. Kf2 Kxd6 45. Kg3 Ke7 46. Kxh3 Kf6 47. Kg4 Kg6 48. f5+ 1-0

[Event "ESP-ch U18"]
[Site "Salobrena"]
[Date "2022.08.01"]
[Round "1"]
[White "Del Rio Perezagua, Mario"]
[Black "Garrido Outon, Alex"]
[Result "0-1"]
[WhiteElo "1840"]
[BlackElo "2436"]
[PlyCount "106"]
[EventDate "2022.08.01"]
[EventType "swiss"]
[EventRounds "9"]
[EventCountry "ESP"]
[SourceTitle "EXT 2023"]
[Source "ChessBase"]
[SourceDate "2022.10.05"]
[SourceVersion "1"]
[SourceVersionDate "2022.10.05"]
[SourceQuality "1"]

1. e4 e5 2. Nf3 Nc6 3. Bb5 a6 4. Ba4 Nf6 5. d3 d6 6. c3 g6 7. 0-0 Bg7 8. Re1 0-0 9. Nbd2 Re8 10. h3 h6 11. Nf1 b5 12. Bc2 Nb8 13. a4 Bb7 14. Ng3 Nbd7 15. d4 c5 16. d5 c4 17. Be3 Qc7 18. Qd2 h5 19. Reb1 Reb8 20. axb5 axb5 21. b4 cxb3 22. Bxb3 Rxa1 23. Rxa1 Rc8 24. Rc1 Nc5 25. Bc2 Qa5 26. Rb1 Ba6 27. Bxc5 Rxc5 28. Bd3 Rxc3 29. Bxb5 Bxb5 30. Rxb5 Qxb5 31. Qxc3 Qb1+ 32. Kh2 Nxe4 33. Nxe4 Qxe4 34. Qc6 Qf4+ 35. Kg1 e4 36. Qe8+ Bf8 37. Nd4 h4 38. Nc6 Kg7 39. Nd8 Qf5 40. Qb5 Be7 41. Nc6 Bf6 42. Qc4 Qf4 43. Kf1 Qd2 44. Qxe4 Qd1+ 45. Qe1 Qxd5 46. Qc1 Qb5+ 47. Kg1 d5 48. Qc2 d4 49. Qe4 d3 50. Nd4 Qb1+ 51. Kh2 Qb8+ 52. Kg1 d2 53. Qd3 Qd8 0-1

[Event "ESP-ch U18"]
[Site "Salobrena"]
[Date "2021.07.28"]
[Round "4"]
[White "Gonzalez Vacas, Raul"]
[Black "Del Rio Perezagua, Mario"]
[Result "1/2-1/2"]
[WhiteElo "1803"]
[BlackElo "2014"]
[PlyCount "118"]
[EventDate "2021.07.26"]
[EventType "swiss"]
[EventRounds "9"]
[EventCountry "ESP"]
[SourceTitle "CBM 203 Extra"]
[Source "ChessBase"]
[SourceDate "2021.09.30"]
[SourceVersion "1"]
[SourceVersionDate "2021.09.30"]
[SourceQuality "1"]

1. e4 c5 2. Nc3 d6 3. g3 Nc6 4. Bg2 Nf6 5. d3 g6 6. f4 Bg7 7. Nf3 0-0 8. 0-0 Rb8 9. a4 a6 10. h3 b5 11. g4 b4 12. Ne2 a5 13. f5 Nd7 14. Rb1 Ba6 15. b3 Nde5 16. Ng3 Nd4 17. Be3 Nexf3+ 18. Bxf3 e6 19. Bg2 Re8 20. Qd2 Be5 21. fxg6 fxg6 22. Bf4 Bg7 23. Rf2 Qd7 24. Rbf1 Rf8 25. Bh6 Rxf2 26. Rxf2 Rf8 27. Rxf8+ Bxf8 28. Bxf8 Kxf8 29. Ne2 Nc6 30. Qf4+ Kg7 31. g5 Qe7 32. h4 Qf8 33. Qe3 Qf7 34. Qg3 e5 35. Bh3 Bb7 36. Qg4 Nd4 37. Nxd4 cxd4 38. Qe6 Qxe6 39. Bxe6 h6 40. Kf2 hxg5 41. hxg5 Kf8 42. Kf3 Ke7 43. Bg8 Bc8 44. Bc4 Bh3 45. Bd5 Be6 46. Bc6 Bf7 47. Bb7 Kd7 48. Ba6 d5 49. Bb7 Kd6 50. Ba8 Be6 51. Bb7 dxe4+ 52. Bxe4 Bf5 53. Bb7 Bd7 54. Be4 Bc6 55. Ke2 Be8 56. Kf3 Kc5 57. Ke2 Bf7 58. Kd2 Kd6 59. Ke2 Be8 1/2-1/2

[Event "ESP-chT CECLUB Div2"]
[Site "Linares"]
[Date "2020.08.28"]
[Round "6.4"]
[White "Del Rio Perezagua, Mario"]
[Black "Fernandez Alvarez, Mario"]
[Result "1/2-1/2"]
[WhiteElo "2017"]
[BlackElo "1467"]
[PlyCount "134"]
[EventDate "2020.08.24"]
[EventType "team-tourn"]
[EventRounds "6"]
[EventCountry "ESP"]
[SourceTitle "CBM 198 Extra"]
[Source "ChessBase"]
[SourceDate "2020.11.30"]
[SourceVersion "1"]
[SourceVersionDate "2020.11.30"]
[SourceQuality "1"]
[WhiteTeam "Bargas Fundacion Soliss"]
[BlackTeam "Alfaro CC"]
[WhiteTeamCountry "ESP"]
[BlackTeamCountry "ESP"]

1. e4 e5 2. Nf3 Nc6 3. Bb5 a6 4. Ba4 Nf6 5. d3 Bc5 6. 0-0 b5 7. Bb3 d6 8. Nc3 Na5 9. Bg5 c6 10. Ne2 Bg4 11. Ng3 h6 12. Be3 Bxe3 13. fxe3 Nxb3 14. axb3 Qb6 15. Qd2 c5 16. Nh4 Nh5 17. Nxh5 Bxh5 18. Nf5 0-0 19. Qf2 Qd8 20. Ra2 Bg6 21. Ng3 Qc7 22. Rfa1 a5 23. Qe1 b4 24. Nf1 f5 25. exf5 Bxf5 26. e4 Bd7 27. Ne3 Be6 28. Qg3 Kh7 29. Rf1 Rxf1+ 30. Nxf1 Qf7 31. Nd2 Qh5 32. Ra1 Qe2 33. Qf2 Qxf2+ 34. Kxf2 Kg6 35. Ke3 Kf6 36. c3 d5 37. exd5 Bxd5 38. Ne4+ Bxe4 39. Kxe4 Ke6 40. cxb4 cxb4 41. Rc1 Rd8 42. Rc5 Rd4+ 43. Ke3 Rd5 44. Rc8 Rd6 45. Re8+ Kf6 46. Rf8+ Ke7 47. Ra8 Rd5 48. Rc8 Ke6 49. g3 Rd6 50. h4 Kf5 51. Rc4 Rg6 52. Kf3 Rd6 53. g4+ Kf6 54. Ke3 g6 55. Rc5 h5 56. Rc4 hxg4 57. Rxg4 Kf5 58. Rc4 Rd5 59. Rc1 Rd4 60. Rf1+ Ke6 61. Rh1 Rg4 62. Rh2 Kd5 63. Kf3 Rd4 64. Ke2 Rg4 65. Kf3 Rd4 66. Ke3 Rg4 67. Kf3 Rd4 1/2-1/2

[Event "ESP-chT CECLUB Div2"]
[Site "Linares"]
[Date "2020.08.26"]
[Round "4.3"]
[White "Del Rio Perezagua, Mario"]
[Black "Yashas, Devappa"]
[Result "1/2-1/2"]
[WhiteElo "2017"]
[BlackElo "2280"]
[PlyCount "81"]
[EventDate "2020.08.24"]
[EventType "team-tourn"]
[EventRounds "6"]
[EventCountry "ESP"]
[SourceTitle "CBM 198 Extra"]
[Source "ChessBase"]
[SourceDate "2020.11.30"]
[SourceVersion "1"]
[SourceVersionDate "2020.11.30"]
[SourceQuality "1"]
[WhiteTeam "Bargas Fundacion Soliss"]
[BlackTeam "Villalba 64 Miscasa"]
[WhiteTeamCountry "ESP"]
[BlackTeamCountry "ESP"]

1. e4 Nc6 2. d4 e5 3. d5 Nce7 4. Nc3 Ng6 5. Be3 Bb4 6. Qd2 d6 7. Bd3 Nf6 8. f3 h5 9. 0-0-0 Ba5 10. Nge2 Bd7 11. Ng3 a6 12. Bg5 h4 13. Nf5 Bxf5 14. exf5 Ne7 15. Bxf6 gxf6 16. Be4 Nc8 17. g4 Nb6 18. Qd3 Nd7 19. Nb1 b5 20. Qe2 Qe7 21. h3 Qf8 22. Qe3 Bb6 23. Qd2 Ke7 24. c3 Ba7 25. Na3 Rb8 26. Nc2 a5 27. Kb1 Qh6 28. Qxh6 Rxh6 29. a3 Bc5 30. b4 axb4 31. axb4 Bf2 32. Kb2 Rhh8 33. Ra1 Rhc8 34. Rhd1 Nf8 35. Ra5 Nh7 36. Na3 Bb6 37. Ra6 Ng5 38. Rh1 Be3 39. Ra5 Bb6 40. Ra6 Be3 41. Ra5 1/2-1/2

[Event "ESP-ch U16"]
[Site "Salobrena"]
[Date "2020.08.15"]
[Round "9"]
[White "Martin Barcelo, Carles"]
[Black "Del Rio Perezagua, Mario"]
[Result "1-0"]
[WhiteElo "2231"]
[BlackElo "2017"]
[PlyCount "111"]
[EventDate "2020.08.10"]
[EventType "swiss"]
[EventRounds "9"]
[EventCountry "ESP"]
[SourceTitle "EXT 2021"]
[Source "ChessBase"]
[SourceDate "2020.10.23"]
[SourceVersion "1"]
[SourceVersionDate "2020.10.23"]
[SourceQuality "1"]

1. e4 d5 2. exd5 Qxd5 3. Nc3 Qd8 4. d4 Nf6 5. Nf3 Bg4 6. h3 Bxf3 7. Qxf3 c6 8. Qd3 e6 9. g3 Be7 10. Bg2 0-0 11. 0-0 Nbd7 12. b3 Nb6 13. Bb2 Qc7 14. Rfe1 Rfd8 15. Qf3 Rd7 16. Ne2 Rad8 17. c4 Bb4 18. Red1 a5 19. Rdc1 Be7 20. a3 Ne8 21. Bc3 Ra8 22. a4 Bf6 23. Rd1 e5 24. Rd2 exd4 25. Nxd4 Rad8 26. Rad1 Nc8 27. h4 Qb6 28. Bh3 Rd6 29. Bxc8 Rxc8 30. Qf5 Qd8 31. Bxa5 b6 32. Bxb6 Qd7 33. c5 Bxd4 34. Qxd7 Rxd7 35. Rxd4 Rxd4 36. Rxd4 Nf6 37. a5 Nd5 38. b4 Kf8 39. Kf1 Ke7 40. b5 Ke6 41. bxc6 Rxc6 42. Ra4 Rc8 43. Rd4 Ke5 44. Rd2 Ke4 45. f3+ Ke5 46. Ke2 f5 47. Kd3 f4 48. gxf4+ Kxf4 49. Kc4 Nc7 50. Bxc7+ Rxc7 51. a6 Kxf3 52. Kb5 Re7 53. c6 Re5+ 54. Kb6 Re4 55. c7 Rb4+ 56. Kc6 1-0

[Event "ESP-ch U16"]
[Site "Salobrena"]
[Date "2020.08.13"]
[Round "6"]
[White "Galvan Cipriani, Viviana"]
[Black "Del Rio Perezagua, Mario"]
[Result "1-0"]
[WhiteElo "2104"]
[BlackElo "2017"]
[PlyCount "108"]
[EventDate "2020.08.10"]
[EventType "swiss"]
[EventRounds "9"]
[EventCountry "ESP"]
[SourceTitle "EXT 2021"]
[Source "ChessBase"]
[SourceDate "2020.10.23"]
[SourceVersion "1"]
[SourceVersionDate "2020.10.23"]
[SourceQuality "1"]

1. c4 Nf6 2. Nc3 g6 3. g3 Bg7 4. Bg2 0-0 5. e4 d6 6. Nge2 c5 7. d4 cxd4 8. Nxd4 Nfd7 9. 0-0 Nc6 10. Nde2 Nc5 11. Rb1 a5 12. Be3 Bd7 13. b3 Rb8 14. Qd2 Ne5 15. f4 Ng4 16. Bxc5 dxc5 17. h3 Nf6 18. e5 Bf5 19. Rbd1 Qxd2 20. Rxd2 Ne8 21. Nd5 Be6 22. Nxe7+ Kh8 23. g4 f5 24. Bd5 Nc7 25. Bxe6 Nxe6 26. Rd6 Nc7 27. Nd5 Na6 28. g5 Rfd8 29. Rb6 Nb4 30. Nec3 Nc6 31. Nb5 Bf8 32. Re1 Kg7 33. Kf2 Be7 34. Nxe7 Nxe7 35. Rd6 Rxd6 36. exd6 Nc6 37. Nc7 Kf7 38. d7 Rd8 39. Ne6 Rxd7 40. Nxc5 Rc7 41. Nd3 Kg7 42. Ne5 Nb4 43. Re2 Na6 44. Rd2 Nc5 45. Rd5 Ne4+ 46. Ke3 b6 47. Rd7+ Rxd7 48. Nxd7 Nc3 49. a4 Ne4 50. Kd4 Nd2 51. Nxb6 Nxb3+ 52. Kd5 Kf7 53. c5 Ke7 54. c6 Kd8 1-0

[Event "Alcorcon Spring op-A 1st"]
[Site "Alcorcon"]
[Date "2019.05.19"]
[Round "8"]
[White "Del Rio Perezagua, Mario"]
[Black "Campos Tores, Jose Luis"]
[Result "1-0"]
[WhiteElo "1819"]
[BlackElo "1904"]
[PlyCount "123"]
[EventDate "2019.03.24"]
[EventType "swiss"]
[EventRounds "9"]
[EventCountry "ESP"]
[SourceTitle "EXT 2020"]
[Source "ChessBase"]
[SourceDate "2019.10.17"]
[SourceVersion "1"]
[SourceVersionDate "2019.10.17"]
[SourceQuality "1"]

1. d4 d5 2. Nc3 Nf6 3. Bg5 Nbd7 4. Nf3 e6 5. e3 Be7 6. Be2 0-0 7. 0-0 h6 8. Bxf6 Nxf6 9. Ne5 c5 10. f4 cxd4 11. exd4 a6 12. Bf3 Bd7 13. f5 Rc8 14. fxe6 Bxe6 15. Qd3 Qc7 16. a3 Bd6 17. Rfe1 b5 18. Re2 Rfd8 19. h3 Bxe5 20. Rxe5 Qb6 21. Ne2 Nd7 22. Re3 Qd6 23. Nc1 Qf4 24. c3 Nb6 25. Re2 Nc4 26. Rf2 Bf5 27. Qd1 Qe3 28. Qe2 Qg5 29. Kh1 Re8 30. Qf1 Nd2 31. Qd1 Ne4 32. Bxe4 Rxe4 33. Nd3 Rce8 34. Qf1 Be6 35. Nc5 Re3 36. Rf3 Rxf3 37. Qxf3 Bc8 38. Rf1 f6 39. Qf2 Re3 40. Re1 Rxe1+ 41. Qxe1 Qf5 42. Qe2 Kh7 43. Qd3 Kg6 44. Qxf5+ Kxf5 45. g3 g5 46. Kg2 Kg6 47. a4 h5 48. a5 f5 49. Nd3 Kf6 50. h4 Be6 51. Kf3 gxh4 52. gxh4 Kg7 53. Kf4 Kf6 54. Nb4 Bc8 55. Nxd5+ Ke6 56. Ne3 Kf6 57. b3 Bb7 58. d5 Bc8 59. c4 bxc4 60. bxc4 Bb7 61. c5 Bc8 62. c6 1-0

[Event "Madrid San Viator op-A 30th"]
[Site "Madrid"]
[Date "2018.06.03"]
[Round "8"]
[White "Casares Sanchez, Rodrigo"]
[Black "Del Rio Perezagua, Mario"]
[Result "0-1"]
[WhiteElo "1702"]
[BlackElo "1881"]
[PlyCount "128"]
[EventDate "2018.04.08"]
[EventType "swiss"]
[EventRounds "9"]
[EventCountry "ESP"]
[SourceTitle "EXT 2019"]
[Source "ChessBase"]
[SourceDate "2018.10.10"]
[SourceVersion "1"]
[SourceVersionDate "2018.10.10"]
[SourceQuality "1"]

1. e4 c5 2. Nf3 d6 3. d4 cxd4 4. Nxd4 Nf6 5. Nc3 a6 6. h3 e5 7. Nde2 Be6 8. Bg5 Nbd7 9. g3 h6 10. Be3 Be7 11. Bg2 0-0 12. 0-0 Qc7 13. f4 Nb6 14. f5 Bd7 15. b3 Bc6 16. Nd5 Bxd5 17. exd5 Rac8 18. c4 Nbd7 19. Rc1 Qb8 20. Nc3 Bd8 21. Kh1 Bb6 22. Bd2 Ba7 23. g4 b5 24. cxb5 axb5 25. g5 hxg5 26. Bxg5 b4 27. Bxf6 Nxf6 28. Ne4 Nxe4 29. Bxe4 Rc3 30. Rxc3 bxc3 31. f6 Qb4 32. Qg4 g6 33. a3 Qd4 34. Rd1 Qf2 35. Bxg6 Qxf6 36. Bf5+ Qg7 37. Qf3 Bd4 38. Rc1 Rb8 39. Bc2 Ra8 40. a4 Rb8 41. Re1 Kf8 42. Qf1 Ke7 43. Qd3 Kf8 44. Qf1 Ke7 45. Qd3 Rh8 46. Kh2 Rh4 47. Qf3 Kd8 48. Qg2 Qh6 49. Rf1 Rf4 50. Rf3 Qf6 51. Rxf4 Qxf4+ 52. Kh1 Qc1+ 53. Kh2 Bg1+ 54. Qxg1 Qxc2+ 55. Kh1 Qe4+ 56. Kh2 Qf4+ 57. Kh1 Qf3+ 58. Kh2 Qxd5 59. Qg8+ Kc7 60. Qf8 Kd7 61. Qb8 c2 62. Qa7+ Ke6 63. Qg1 Qd2+ 64. Kh1 c1R 0-1

[Event "Madrid San Viator op-A 30th"]
[Site "Madrid"]
[Date "2018.05.27"]
[Round "7"]
[White "Del Rio Perezagua, Mario"]
[Black "Munoz Cebey, Ricardo"]
[Result "1/2-1/2"]
[WhiteElo "1881"]
[BlackElo "1793"]
[PlyCount "100"]
[EventDate "2018.04.08"]
[EventType "swiss"]
[EventRounds "9"]
[EventCountry "ESP"]
[SourceTitle "EXT 2019"]
[Source "ChessBase"]
[SourceDate "2018.10.10"]
[SourceVersion "1"]
[SourceVersionDate "2018.10.10"]
[SourceQuality "1"]

1. e4 c6 2. d4 d5 3. e5 Bf5 4. Nc3 Qb6 5. g4 Bd7 6. h3 e6 7. Nge2 c5 8. Be3 cxd4 9. Bxd4 Bc5 10. Bxc5 Qxc5 11. Qd4 Qc7 12. f4 Nc6 13. Qc5 a6 14. Na4 b5 15. Nb6 Rb8 16. Nxd7 Kxd7 17. 0-0-0 Nge7 18. Bg2 Rhc8 19. Nd4 Nxd4 20. Qxc7+ Rxc7 21. Rxd4 Nc6 22. Rd2 Rbc8 23. Kb1 Na5 24. Bf1 g6 25. Bd3 Nc4 26. Re2 b4 27. Rg1 a5 28. f5 Rf8 29. h4 d4 30. h5 Rc5 31. hxg6 hxg6 32. fxg6 fxg6 33. Bxg6 Rxe5 34. Bd3 Rxe2 35. Bxe2 Ne3 36. Kc1 e5 37. Bd3 Ke6 38. Rg3 Kd5 39. g5 e4 40. Bb5 Rg8 41. g6 Ke5 42. Kd2 Kf6 43. c3 bxc3+ 44. bxc3 Rxg6 45. Rxg6+ Kxg6 46. cxd4 Nf5 47. Bc6 Nxd4 48. Bxe4+ Kf6 49. Kc3 Ke5 50. Bd3 Kd5 1/2-1/2

[Event "Madrid San Viator op-A 30th"]
[Site "Madrid"]
[Date "2018.05.13"]
[Round "5"]
[White "Manas Molina, Angel"]
[Black "Del Rio Perezagua, Mario"]
[Result "1/2-1/2"]
[WhiteElo "1829"]
[BlackElo "1881"]
[PlyCount "80"]
[EventDate "2018.04.08"]
[EventType "swiss"]
[EventRounds "9"]
[EventCountry "ESP"]
[SourceTitle "EXT 2019"]
[Source "ChessBase"]
[SourceDate "2018.10.10"]
[SourceVersion "1"]
[SourceVersionDate "2018.10.10"]
[SourceQuality "1"]

1. e4 d5 2. d4 dxe4 3. Nc3 Nf6 4. Bg5 Nbd7 5. Bc4 c6 6. Nge2 e6 7. Nxe4 Be7 8. Nxf6+ Bxf6 9. Bxf6 Nxf6 10. 0-0 0-0 11. Ng3 Qb6 12. Bb3 a5 13. c3 a4 14. Bxa4 Qxb2 15. Qc2 Qxc2 16. Bxc2 Ra3 17. Bb3 b5 18. f3 Nd5 19. Rac1 Ba6 20. Rf2 Ra8 21. Ne4 h6 22. Nc5 Nb6 23. f4 Nc4 24. Bxc4 bxc4 25. Nxa6 R8xa6 26. Rcc2 Kh7 27. g3 c5 28. dxc5 Rc6 29. Rfd2 Rxc5 30. Rd4 Kg6 31. Kf2 Ra4 32. h3 Rca5 33. Rdd2 h5 34. Kf3 Kf6 35. Ke4 Ke7 36. Rb2 Ra7 37. g4 hxg4 38. hxg4 g6 39. g5 Ra3 40. Rdc2 Kd6 1/2-1/2

[Event "Madrid San Viator op-A 30th"]
[Site "Madrid"]
[Date "2018.04.22"]
[Round "3"]
[White "Del Rio Perezagua, Mario"]
[Black "Alvarez Cerbero, Julio Enrique"]
[Result "1-0"]
[WhiteElo "1881"]
[BlackElo "1501"]
[PlyCount "61"]
[EventDate "2018.04.08"]
[EventType "swiss"]
[EventRounds "9"]
[EventCountry "ESP"]
[SourceTitle "EXT 2019"]
[Source "ChessBase"]
[SourceDate "2018.10.10"]
[SourceVersion "1"]
[SourceVersionDate "2018.10.10"]
[SourceQuality "1"]

1. d4 g6 2. Nc3 Bg7 3. e4 d6 4. Be3 a6 5. Qd2 b5 6. f3 Nd7 7. 0-0-0 Bb7 8. g4 h6 9. h4 c5 10. Kb1 Ngf6 11. Nh3 cxd4 12. Bxd4 Ne5 13. Be2 Nc4 14. Bxc4 bxc4 15. g5 Nh5 16. Bxg7 Nxg7 17. gxh6 Nh5 18. Nf4 Qa5 19. Nfd5 Bxd5 20. exd5 Rb8 21. Ka1 Qb4 22. Rb1 a5 23. Rhe1 Rb7 24. a3 Qb6 25. Re4 Rc7 26. Qg5 Kd8 27. Rbe1 Nf6 28. Rxe7 Rxe7 29. Qxf6 Rhe8 30. h7 Qf2 31. Rxe7 1-0

[Event "Madrid San Viator op-A 29th"]
[Site "Madrid"]
[Date "2017.10.29"]
[Round "6"]
[White "Del Rio Perezagua, Mario"]
[Black "Iagar, Razvan Gabriel"]
[Result "0-1"]
[WhiteElo "1636"]
[BlackElo "2163"]
[PlyCount "120"]
[EventDate "2017.09.17"]
[EventType "swiss"]
[EventRounds "9"]
[EventCountry "ESP"]
[SourceTitle "EXT 2019"]
[Source "ChessBase"]
[SourceDate "2018.10.10"]
[SourceVersion "1"]
[SourceVersionDate "2018.10.10"]
[SourceQuality "1"]

1. Nf3 d5 2. g3 Nf6 3. Bg2 h6 4. 0-0 Bf5 5. d3 e6 6. Nbd2 c6 7. c4 Be7 8. b3 Nbd7 9. Bb2 0-0 10. Qc2 a5 11. a3 Qb8 12. Bc3 Bh7 13. Qb2 Bd6 14. b4 axb4 15. axb4 Rxa1 16. Rxa1 e5 17. cxd5 cxd5 18. d4 e4 19. Ne5 Re8 20. Nxd7 Nxd7 21. e3 Bf5 22. Qb3 Be6 23. b5 Rc8 24. Bb4 Nb6 25. Bf1 Nd7 26. Ba3 Nb6 27. Bb4 Nd7 28. Ba3 g6 29. Rc1 Rxc1 30. Bxc1 Qa8 31. Bb2 Kf8 32. Nb1 Ke7 33. Ba3 Bxa3 34. Nxa3 Qa5 35. Nc2 Nb6 36. Na3 Qe1 37. Qb1 Qxb1 38. Nxb1 Na4 39. f4 Kd6 40. Kf2 Kc7 41. Ke1 Kb6 42. Kd2 Ka5 43. Na3 Bd7 44. Be2 Kb4 45. Nc2+ Kb3 46. Na1+ Kb2 47. Nc2 Nc3 48. Nb4 Nxe2 49. Kxe2 Bxb5+ 50. Kd2 Bc4 51. h4 Kb3 52. Nc2 Bd3 53. Ne1 Bf1 54. Nc2 b5 55. Na1+ Kc4 56. Nc2 b4 57. g4 Bd3 58. f5 Bxc2 59. Kxc2 gxf5 60. g5 h5 0-1

[Event "Madrid San Viator op-A 29th"]
[Site "Madrid"]
[Date "2017.10.22"]
[Round "5"]
[White "Lopez Ziegler, Carlos"]
[Black "Del Rio Perezagua, Mario"]
[Result "1/2-1/2"]
[WhiteElo "1852"]
[BlackElo "1636"]
[PlyCount "56"]
[EventDate "2017.09.17"]
[EventType "swiss"]
[EventRounds "9"]
[EventCountry "ESP"]
[SourceTitle "EXT 2019"]
[Source "ChessBase"]
[SourceDate "2018.10.10"]
[SourceVersion "1"]
[SourceVersionDate "2018.10.10"]
[SourceQuality "1"]

1. e4 d5 2. exd5 Qxd5 3. Nc3 Qd8 4. Nf3 Bg4 5. h3 Bxf3 6. Qxf3 c6 7. Bc4 e6 8. 0-0 Nf6 9. d3 Be7 10. Re1 0-0 11. Qe2 Re8 12. Ne4 Nbd7 13. a4 Nb6 14. Bb3 a5 15. Ng5 Nbd5 16. Bd2 h6 17. Nf3 Qc7 18. Ne5 Bd6 19. d4 Nd7 20. Nxd7 Qxd7 21. Rad1 Bf4 22. Bxf4 Nxf4 23. Qe4 Nd5 24. c3 Rad8 25. Bc2 Nf6 26. Qd3 Qc7 27. Qf3 Qb6 28. Qe2 Rd7 1/2-1/2

[Event "Madrid San Viator op-A 29th"]
[Site "Madrid"]
[Date "2017.10.01"]
[Round "3"]
[White "Del Rio Perezagua, Mario"]
[Black "Luque Ibanez, Manuel"]
[Result "1/2-1/2"]
[WhiteElo "1636"]
[BlackElo "1987"]
[PlyCount "92"]
[EventDate "2017.09.17"]
[EventType "swiss"]
[EventRounds "9"]
[EventCountry "ESP"]
[SourceTitle "EXT 2019"]
[Source "ChessBase"]
[SourceDate "2018.10.10"]
[SourceVersion "1"]
[SourceVersionDate "2018.10.10"]
[SourceQuality "1"]

1. Nf3 d5 2. g3 c5 3. Bg2 Nf6 4. 0-0 Nc6 5. d3 e5 6. e4 dxe4 7. dxe4 Qxd1 8. Rxd1 Bg4 9. Re1 Nd4 10. Nxd4 cxd4 11. c3 Bc5 12. cxd4 Bxd4 13. Nd2 Rc8 14. Nf3 Bxf3 15. Bxf3 Rc2 16. Re2 Rxe2 17. Bxe2 Nxe4 18. Be3 Bxe3 19. fxe3 Ke7 20. Rc1 Rd8 21. Rc7+ Rd7 22. Rc2 Rd2 23. Rxd2 Nxd2 24. Kf2 Ne4+ 25. Kf3 f5 26. Bd3 Nd6 27. Bc2 Kf6 28. h3 h5 29. b3 a5 30. a4 e4+ 31. Kf2 Ke5 32. Bd1 g6 33. h4 Kd5 34. Ke1 Kc5 35. Kd2 Kb4 36. Kc2 Nf7 37. Kb2 Ne5 38. Kc2 Nf3 39. Be2 Ne1+ 40. Kd2 Nd3 41. Kc2 b6 42. Bf1 Ne1+ 43. Kb2 Nd3+ 44. Kc2 Ne5 45. Be2 Nd3 46. Bf1 Ne5 1/2-1/2

[Event "ESP-chT Regional U14"]
[Site "Padron"]
[Date "2017.06.25"]
[Round "6.1"]
[White "Cuellar Montes, Alejandro"]
[Black "Del Rio Perezagua, Mario"]
[Result "1-0"]
[WhiteElo "1942"]
[BlackElo "1610"]
[PlyCount "45"]
[EventDate "2017.06.22"]
[EventType "team"]
[EventRounds "6"]
[EventCountry "ESP"]
[SourceTitle "EXT 2018"]
[Source "ChessBase"]
[SourceDate "2017.10.13"]
[SourceVersion "1"]
[SourceVersionDate "2017.10.13"]
[SourceQuality "1"]
[WhiteTeam "Andalucia (U14)"]
[BlackTeam "Castilla La Mancha (U14)"]
[WhiteTeamCountry "ESP"]
[BlackTeamCountry "ESP"]

1. d4 Nf6 2. c4 g6 3. Nc3 Bg7 4. e4 d6 5. f4 c5 6. d5 0-0 7. Nf3 Nbd7 8. Bd3 a6 9. 0-0 b5 10. cxb5 axb5 11. Bxb5 Ba6 12. Bxa6 Rxa6 13. Qe2 Qa8 14. e5 Ne8 15. e6 Nb6 16. exf7+ Rxf7 17. Ng5 Nc7 18. Nxf7 Kxf7 19. f5 Kg8 20. fxg6 hxg6 21. Qxe7 Nbxd5 22. Qf7+ Kh8 23. Rf3 1-0

[Event "ESP-chT Regional U14"]
[Site "Padron"]
[Date "2017.06.23"]
[Round "3.1"]
[White "Del Rio Perezagua, Mario"]
[Black "Fernandez Lopez, Ruben"]
[Result "0-1"]
[WhiteElo "1610"]
[BlackElo "1982"]
[PlyCount "76"]
[EventDate "2017.06.22"]
[EventType "team"]
[EventRounds "6"]
[EventCountry "ESP"]
[SourceTitle "EXT 2018"]
[Source "ChessBase"]
[SourceDate "2017.10.13"]
[SourceVersion "1"]
[SourceVersionDate "2017.10.13"]
[SourceQuality "1"]
[WhiteTeam "Castilla La Mancha (U14)"]
[BlackTeam "Galicia (U14)"]
[WhiteTeamCountry "ESP"]
[BlackTeamCountry "ESP"]

1. Nf3 Nf6 2. g3 g6 3. Bg2 Bg7 4. 0-0 0-0 5. d3 d6 6. e4 c5 7. Re1 Nc6 8. Nbd2 Nd7 9. c3 Rb8 10. Nb3 b5 11. d4 b4 12. Be3 a5 13. Qd2 a4 14. Nc1 Qa5 15. Ne2 a3 16. b3 bxc3 17. Nxc3 c4 18. Reb1 cxb3 19. Rxb3 Rxb3 20. axb3 Qb4 21. Nb1 Qxb3 22. Nxa3 Nf6 23. Ne1 Ng4 24. Nac2 Nxe3 25. fxe3 Bd7 26. Nd3 Qb6 27. Ndb4 e6 28. Ra6 Qb7 29. Bf1 Nxb4 30. Nxb4 Qxe4 31. Bd3 Qb7 32. Rxd6 Bh6 33. Nc2 Ba4 34. Qe2 Rc8 35. Ne1 Rc1 36. Rd8+ Kg7 37. Kf2 Qh1 38. Nf3 Bd1 0-1

[Event "ESP-chT Regional U14"]
[Site "Padron"]
[Date "2017.06.22"]
[Round "1.1"]
[White "Del Rio Perezagua, Mario"]
[Black "Shi Zheng, Yuhang"]
[Result "1-0"]
[WhiteElo "1610"]
[BlackElo "1730"]
[PlyCount "51"]
[EventDate "2017.06.22"]
[EventType "team"]
[EventRounds "6"]
[EventCountry "ESP"]
[SourceTitle "EXT 2018"]
[Source "ChessBase"]
[SourceDate "2017.10.13"]
[SourceVersion "1"]
[SourceVersionDate "2017.10.13"]
[SourceQuality "1"]
[WhiteTeam "Castilla La Mancha (U14)"]
[BlackTeam "Canarias (U14)"]
[WhiteTeamCountry "ESP"]
[BlackTeamCountry "ESP"]

1. Nf3 Nf6 2. g3 g6 3. Bg2 Bg7 4. 0-0 0-0 5. d3 d5 6. Nbd2 c5 7. e4 Nc6 8. c3 e5 9. Re1 h6 10. Qe2 Be6 11. exd5 Nxd5 12. Nc4 f6 13. d4 b5 14. Ncd2 c4 15. dxe5 fxe5 16. Ne4 Bf5 17. Rd1 Nce7 18. Nh4 Qc7 19. Nxf5 gxf5 20. Ng5 hxg5 21. Rxd5 Rab8 22. Bxg5 Nxd5 23. Bxd5+ Kh8 24. Qh5+ Bh6 25. Qxh6+ Qh7 26. Bf6+ 1-0